| 000 | 01323nam a2200349 a 4500 | ||
|---|---|---|---|
| 999 |
_c200443356 _d61568 |
||
| 003 | TR-AnTOB | ||
| 005 | 20220928201019.0 | ||
| 007 | ta | ||
| 008 | 990130s1997 tu 000 0 tur u | ||
| 040 |
_aTR-AnTOB _beng _erda _cTR-AnTOB |
||
| 041 | 0 | _atur | |
| 044 | _ctu | ||
| 050 | 4 |
_aKKX3276 _b.S29 1997 |
|
| 090 |
_aKKX3276 _b.S29 1997 |
||
| 245 | 0 | 0 | _a4077 sayılı tüketicinin korunması hakkında kanun. |
| 246 | _aT.C. Yasalar | ||
| 250 | _agenişletilmiş 3. baskı. | ||
| 264 | 1 |
_aAnkara : _bSanayi ve Ticaret Bakanlığı Tüketicinin ve Rekabetin Korunması Genel Müdürlüğü, _c1997. |
|
| 300 |
_a89 pages ; _c20 cm. |
||
| 336 |
_atext _btxt _2rdacontent |
||
| 337 |
_aunmediated _bn _2rdamedia |
||
| 338 |
_avolume _bnc _2rdacarrier |
||
| 490 | 0 |
_aT.C. Sanayi ve Ticaret Bakanlığı Tüketicinin ve Rekabetin Korunması Genel Müdürlüğü ; _v1 |
|
| 610 | 1 | 0 |
_aTurkey. _tTüketicinin Korunması Hakkında Kanun _9137420 |
| 650 | 7 |
_aTüketicinin korunması _xHukuk ve mevzuat _zTürkiye _2etuturkob _9121360 |
|
| 830 |
_aTüketicinin ve Rekabetin Korunması Genel Müdürlüğü ; _v1 |
||
| 856 | _uhttps://libris.bahcesehir.edu.tr/yordambt/yordam.phpsayfa=sayfaArama&aDemirbas=025139 | ||
| 902 | _a025139 | ||
| 942 |
_2z _cBK |
||